An introduction to numerical analysis /
Guardado en:
| Autor Principal: | |
|---|---|
| Formato: | Libro |
| Idioma: | English |
| Publicado: |
New York :
Wiley,
c1978.
|
| Materias: | |
| Etiquetas: |
Agregar Etiqueta
Sin Etiquetas, Sea el primero en etiquetar este registro!
|
| LEADER | 00779pam a22002295a 4500 | ||
|---|---|---|---|
| 001 | EIQ.libpla003554 | ||
| 008 | 780331s1978####nyua#####b####001#0#eng#d | ||
| 005 | 20080213143528.0 | ||
| 245 | 1 | 3 | |a An introduction to numerical analysis / |c Kendall E. Atkinson. |
| 260 | |a New York : |b Wiley, |c c1978. | ||
| 300 | |a xiii, 587 p. : |b il. ; |c 24 cm. | ||
| 504 | |a Incluye referencias bibliográficas e índice. | ||
| 020 | |a 0471029858 | ||
| 100 | 1 | |a Atkinson, Kendall E. | |
| 082 | 0 | 0 | |a 519.4 |
| 650 | 4 | |a Análisis numérico |x Introducción. | |
| 650 | 4 | |a Matemática |x Análisis numérico. | |
| 650 | 4 | |a Mathematical |x Numerical analysis. | |
| 650 | 4 | |a Numerical analysis |x Introduction. | |
| 010 | |a 78006706 | ||
| 040 | |a DLC |c DLC |d AR-BbSID | ||
| 859 | |a AR-BbSID |b BIB. PLAPIQUI |h 519.4 |i At 51 |p 2809 | ||
